L'Écosse en images - Statistiques

Statistiques générales
  • Ce quiz a été pris 5 466 fois
    5 448 depuis la dernière actualisation
  • Le résultat moyen est 10 sur 18
Statistiques - réponses
Par images Hint Réponse % Correct
Vêtement Kilt
98%
Sport Golf
94%
Instrument de musique Cornemuse
93%
Ville Édimbourg
93%
Lac Loch Ness
86%
Plante emblématique Chardon
72%
Ville Glasgow
70%
Acteur Sean Connery
52%
Film Braveheart / Cœur vaillant
51%
Région montagneuse Highlands
49%
Plat Haggis
47%
Album des aventures de Tintin L'Île Noire
36%
Reine Marie Stuart
33%
Étoffe de laine Tartan
33%
Îles Iles Shetland
19%
Alliance {Auld} Alliance
16%
Figure historique William Wallace
14%
Insurgés catholiques Jacobites
9%
Aucun quiz correspondant
Distribution des résultats
% des personnes avec chaque résultat
Percentile par nombre de réponses
Votre historique - résultats
Vous n’avez pas pris ce quiz depuis la dernière actualisation